|
|
|
|
| LEADER |
00000nab a2200000 a 4500 |
| 001 |
vtls000184606 |
| 003 |
SK-MaSNL |
| 005 |
20260303223358.0 |
| 008 |
220422c1984 xo 0 slo |
| 015 |
|
|
|a SNBRB19rr/mm-uuuuu
|
| 035 |
|
|
|a CL0194719
|
| 040 |
|
|
|a SNKBUCL
|b slo
|c SNKBUCL
|e AACR2
|
| 041 |
0 |
|
|a slo
|
| 044 |
|
|
|a xo
|c SK
|
| 080 |
|
|
|a 616-006.4-091.8
|2 1981
|
| 100 |
1 |
|
|a Jakubovský, Ján,
|d 1939-
|4 aut
|9 5010
|
| 245 |
1 |
0 |
|a Kaposiho sarkóm. (Elektrónovomikroskopická kazuistika)
|c J. Jakubovský, M. Brozman, J. Janco
|
| 300 |
|
|
|b Obr. 7. Res. rus., angl., lit. 21 zázn. v češ., angl.
|
| 650 |
0 |
7 |
|a Kaposiho sarkóm
|2 snkbucl
|9 239607
|
| 655 |
|
7 |
|a články z novín a časopisov
|2 snkbucl
|9 267496
|
| 700 |
1 |
|
|a Brozman, M.
|4 aut
|9 917135
|
| 700 |
1 |
|
|a Janco, J.
|4 aut
|9 922546
|
| 773 |
0 |
|
|t Československá patologie
|g Roč. 20, č. 2 (1984), s. 94-102
|
| 850 |
|
|
|a Slovenská národná knižnica v Martine
|a MTA001
|
| 852 |
|
|
|a SNK
|b KIS3GCP
|
| 958 |
|
|
|a NB
|
| 958 |
|
|
|a RK
|
| 958 |
|
|
|a ME
|
| 992 |
|
|
|a RBX
|
| 999 |
|
|
|c 2247540
|d 2249470
|